University Home | Library Home | Institutional Repository

World leasing yearbook 1991/ (Record no. 114602)

MARC details
000 -LEADER
fixed length control field 00364cam a2200121 4500
008 - FIXED-LENGTH DATA ELEMENTS--GENERAL INFORMATION
fixed length control field 100707n 000 0 eng u
035 ## - SYSTEM CONTROL NUMBER
System control number (Sirsi) a170291
050 ## - LIBRARY OF CONGRESS CALL NUMBER
Classification number HD 9999.L4364 WOR 1991
245 ## - TITLE STATEMENT
Title World leasing yearbook 1991/
Statement of responsibility, etc. edited by Adrian Hornbrook
260 ## - PUBLICATION, DISTRIBUTION, ETC.
Place of publication, distribution, etc. Stutgurtt:
Name of publisher, distributor, etc. Euromoney,
Date of publication, distribution, etc. 1991
300 ## - PHYSICAL DESCRIPTION
Extent 484p.
650 ## - SUBJECT ADDED ENTRY--TOPICAL TERM
Topical term or geographic name entry element Lease and rental services.

No items available.

© 2026 - The University of Zambia Library - Koha v25.11